000 00809cam a2200145 4500500
005 20251228092829.0
041 _afre
042 _adc
100 1 0 _aViallet, Ludovic
_eauthor
245 0 0 _aIl francescanesimo dalle origini alla metà del secolo XVI. Explorazioni e questioni aperte. Atti del Convegno della Fondazione Michelle Pellegrino, Università di Torino, 11 novembre 2004, éd. Franco BOLGIANI, Grado Giovanni MERLO, Bologne, Il Mulino, 2005 ; 1 vol. in-8o, 278 p. (Studi, fonti, documenti di storia e letteratura religiosa). ISBN : 88-15-10771-1. Prix : € 21,00.
260 _c2011.
500 _a47
786 0 _nLe Moyen Age | CXVII | 1 | 2011-12-10 | p. 117zy-186zy | 0027-2841
856 4 1 _uhttps://shs.cairn.info/revue-le-moyen-age-2011-1-page-117zy?lang=fr&redirect-ssocas=7080
999 _c1603652
_d1603652